Racionální chování spotřebitele na trhu pojistných produktů

Výskumný zámer zmapovať iracionálne správanie spotrebiteľa pri výbere poistného produktu so zameraním na bankový sektor (ČSOB poisťovňa v Českej republike). Zhodnotenie aktuálneho stavu na poistnom trhu. Skúmané spoločnosti a ponúkané riziká. Teoretické východiská spotrebného správania. Kvantitatívn...

Descrizione completa

Salvato in:
Dettagli Bibliografici
Autore principale: Drahokoupil, Josef
Altri autori: Marešová, Petra
Natura: Capitolo di libro
Lingua:ceco
Soggetti:
Tags: Aggiungi Tag
Nessun Tag, puoi essere il primo ad aggiungerne!!

MARC

LEADER 00000nla$a2200000$$$4500
001 0124408
005 20221107084953.6
041 0 |a cze 
044 |a SK 
245 1 0 |a Racionální chování spotřebitele na trhu pojistných produktů  |c Josef Drahokoupil, Petra Marešová 
520 |a Výskumný zámer zmapovať iracionálne správanie spotrebiteľa pri výbere poistného produktu so zameraním na bankový sektor (ČSOB poisťovňa v Českej republike). Zhodnotenie aktuálneho stavu na poistnom trhu. Skúmané spoločnosti a ponúkané riziká. Teoretické východiská spotrebného správania. Kvantitatívny výskum za účelom analýzy spotrebného správania na trhu s poistnými produktmi so zameraním na poistenie pre prípad smrti. Vplyv vybraných faktorov na rozhodovanie spotrebiteľa o poistnom produkte. 
610 2 0 |a poistenie 
610 2 0 |a poisťovne 
610 2 0 |a spotrebitelia 
610 2 0 |a správanie spotrebiteľa 
610 2 0 |a výskum 
610 2 0 |a Česko 
100 1 |a Drahokoupil, Josef 
700 1 |a Marešová, Petra